| 000 | 00558nam a2200193 4500 | ||
|---|---|---|---|
| 003 | LK-CoMWRAF | ||
| 005 | 20231019000627.0 | ||
| 008 | 231019b |||||||| |||| 00| 0 eng d | ||
| 040 |
_aLK-CoMWRAF _dLK-CoMWRAF _eLK-CoMWRAF |
||
| 041 | _aeng | ||
| 082 |
_a428 _bAST |
||
| 100 | _aAstle, Cedric | ||
| 245 |
_aHow good is your English? : _bTest yourself and see! |
||
| 260 |
_aKingswood : _bElliot right way books, _c1979 |
||
| 300 | _a158p. ; 19cm. | ||
| 650 | _aEnglish language -- Problems, exercises, etc | ||
| 650 | _aEnglish language | ||
| 942 | _cBK | ||
| 999 |
_c3935 _d3935 |
||